000 00477nam a2200181Ia 4500
001 22377
005 20260414150827.0
008 260414t2006||||xx |||||||||||||| ||spa||
041 _aESP
082 _a621.38
_bG26
100 _aGarza Garza, Juan Ángel
_eAUT
245 0 _aSistemas digitales y electrónica digital :
_bprácticas de laboratorio
260 _c2006
300 _axviii, 332 páginas :
_cil.
650 _aTCA
654 _aCET
942 _cLIB
_dJUS
_fJUS
_2ddc
_n
999 _c22377
_d22377